[Event "Egypt op"]
[Site "Egypt"]
[Date "2009.07.22"]
[Round "3"]
[White "Sameir, Ramez"]
[Black "Abdel Samee, Mohamed"]
[Result "1-0"]
[WhiteElo "2081"]
[BlackElo "2235"]
[PlyCount "71"]
[EventDate "2009.07.20"]
[EventType "swiss"]
[EventRounds "9"]
[EventCountry "EGY"]
[SourceTitle "EXT 2011"]
[Source "ChessBase"]
[SourceDate "2010.11.26"]
[SourceVersion "1"]
[SourceVersionDate "2010.11.26"]
[SourceQuality "1"]

1. e4 d5 2. exd5 Nf6 3. d4 Nxd5 4. c4 Nb6 5. c5 Nd5 6. Bc4 c6 7. Nc3 e6 8. Nf3 Nd7 9. 0-0 Be7 10. Re1 0-0 11. Nxd5 exd5 12. Bd3 Re8 13. Bf4 Nf8 14. h3 Be6 15. Qc2 Bf6 16. Re2 b6 17. Rc1 Rc8 18. Ba6 Ng6 19. Bg3 Qd7 20. Bxc8 Rxc8 21. Ne5 Nxe5 22. Bxe5 Bg5 23. Rce1 Bf5 24. Qc3 bxc5 25. dxc5 Bh6 26. Qd4 g6 27. Qh4 Bg7 28. Bxg7 Kxg7 29. Re7 Qd8 30. Qd4+ Kg8 31. Qf6 Qf8 32. Rxa7 Qg7 33. Qxg7+ Kxg7 34. Ree7 Kf6 35. a4 d4 36. Rec7 1-0

[Event "EGY-ch final"]
[Site "Cairo"]
[Date "2007.12.04"]
[Round "4"]
[White "Elgabry, Mohsen"]
[Black "Abdel Samee, Mohamed"]
[Result "1-0"]
[WhiteElo "2333"]
[BlackElo "2306"]
[PlyCount "77"]
[EventDate "2007.12.01"]
[EventType "swiss"]
[EventRounds "9"]
[EventCountry "EGY"]
[SourceTitle "EXT 2019"]
[Source "ChessBase"]
[SourceDate "2018.10.10"]
[SourceVersion "1"]
[SourceVersionDate "2018.10.10"]
[SourceQuality "1"]

1. Nf3 d6 2. d4 c6 3. c4 Nd7 4. Nc3 e5 5. e3 Ngf6 6. Qc2 Be7 7. Bd3 0-0 8. 0-0 Re8 9. b3 Qc7 10. Bb2 Bf8 11. Rfd1 g6 12. a3 a6 13. Rac1 Nh5 14. Na4 b6 15. c5 bxc5 16. dxe5 d5 17. Be2 Ng7 18. Ne1 Nxe5 19. Nxc5 Ne6 20. Nxe6 Rxe6 21. Rxd5 Bg7 22. Nf3 Qe7 23. Rxe5 Bxe5 24. Nxe5 Rxe5 25. Bxe5 Qxe5 26. Qxc6 Qb2 27. Bg4 Bb7 28. Qc2 Qxa3 29. Qd2 h5 30. Be2 Qe7 31. Qa5 Qf6 32. Rc7 Be4 33. Bc4 Rf8 34. Qc5 g5 35. Qd4 Qg6 36. Rc5 Re8 37. Qd7 Kf8 38. Rxg5 Qf6 39. Rg8+ 1-0

[Event "EGY-ch final"]
[Site "Cairo"]
[Date "2007.12.01"]
[Round "1"]
[White "Abdel Samee, Mohamed"]
[Black "Salid, Ibrahim"]
[Result "1-0"]
[WhiteElo "2306"]
[BlackElo "2097"]
[PlyCount "111"]
[EventDate "2007.12.01"]
[EventType "swiss"]
[EventRounds "9"]
[EventCountry "EGY"]
[SourceTitle "EXT 2019"]
[Source "ChessBase"]
[SourceDate "2018.10.10"]
[SourceVersion "1"]
[SourceVersionDate "2018.10.10"]
[SourceQuality "1"]

1. e4 g6 2. d4 Bg7 3. Nc3 e6 4. Be3 Ne7 5. Qd2 d5 6. e5 c5 7. f4 Nf5 8. Nf3 Nc6 9. Bb5 Nxe3 10. Qxe3 cxd4 11. Nxd4 Bd7 12. Bxc6 bxc6 13. Nb3 Qb6 14. Nc5 Rd8 15. 0-0-0 Bc8 16. N3a4 Qb8 17. Rd3 0-0 18. h4 f6 19. exf6 Rxf6 20. g3 Re8 21. Rb3 Qc7 22. Nd3 Rf7 23. Re1 Ba6 24. Ne5 Rf5 25. Nc5 Bc8 26. Ncd3 Bxe5 27. Nxe5 c5 28. Rc3 c4 29. Ra3 a6 30. Nf3 Qd6 31. Nd4 Rf7 32. h5 Rb7 33. hxg6 hxg6 34. Qe5 Qxe5 35. Rxe5 Rh7 36. Rae3 Kf7 37. Kd2 Bd7 38. Kc3 a5 39. Nf3 Rh1 40. Rg5 Rd1 41. Ne5+ Ke7 42. Re2 Ba4 43. Rd2 Re1 44. Rxg6 Re3+ 45. Kd4 Re4+ 46. Kc5 Rc8+ 47. Kb6 Be8 48. Rg7+ Kd6 49. c3 a4 50. Kb7 Rc5 51. Rh2 d4 52. cxd4 Rxd4 53. Rh8 Rb5+ 54. Ka6 Rb8 55. Ka7 c3 56. bxc3 1-0

[Event "EGY-chT 0708"]
[Site "Egypt"]
[Date "2007.11.02"]
[Round "1"]
[White "Abdel Rahman, Alla"]
[Black "Abdel Samee, Mohamed"]
[Result "1/2-1/2"]
[WhiteElo "2175"]
[BlackElo "2298"]
[PlyCount "35"]
[EventDate "2007.11.02"]
[EventType "team-tourn"]
[EventRounds "3"]
[EventCountry "EGY"]
[SourceTitle "EXT 2009"]
[Source "ChessBase"]
[SourceDate "2008.11.26"]
[SourceVersion "1"]
[SourceVersionDate "2008.11.26"]
[SourceQuality "1"]
[WhiteTeam "El Ethad"]
[BlackTeam "El Dakhlia"]
[WhiteTeamCountry "EGY"]
[BlackTeamCountry "EGY"]

1. d4 c5 2. d5 e6 3. Nc3 Nf6 4. e4 d6 5. Nf3 exd5 6. exd5 a6 7. a4 Be7 8. Be2 0-0 9. 0-0 Bg4 10. Nd2 Bxe2 11. Qxe2 Nbd7 12. Nc4 Re8 13. Qd1 b6 14. Bf4 Qc7 15. Re1 Bf8 16. Qf3 Rxe1+ 17. Rxe1 Qb8 18. b3 1/2-1/2

[Event "Golden Cleopatra op 7th"]
[Site "Cairo"]
[Date "2003.06.11"]
[Round "10"]
[White "Yasseen, Aly"]
[Black "Abdel Samee, Mohamed"]
[Result "1-0"]
[WhiteElo "2302"]
[BlackElo "2151"]
[PlyCount "118"]
[EventDate "2003.06.03"]
[EventType "swiss"]
[EventRounds "10"]
[EventCountry "EGY"]
[SourceTitle "CBM 094 Extra"]
[Source "ChessBase"]
[SourceDate "2003.07.09"]
[SourceVersion "2"]
[SourceVersionDate "2003.07.09"]
[SourceQuality "1"]

1. e4 a6 2. d4 b5 3. Bd3 Bb7 4. Nf3 Nf6 5. Qe2 e6 6. 0-0 Be7 7. a4 b4 8. e5 Nd5 9. c4 bxc3 10. bxc3 c5 11. Bd2 cxd4 12. cxd4 Nc6 13. Nc3 Ncb4 14. Ne4 Nxd3 15. Qxd3 f5 16. exf6 Nxf6 17. Nxf6+ Bxf6 18. Bb4 a5 19. Bd6 Ba6 20. Qe4 Bxf1 21. Rxf1 Ra6 22. Qf4 g5 23. Qg3 g4 24. Nd2 Bh4 25. Qxg4 Qg5 26. Qe2 Rg8 27. g3 Rc6 28. Ne4 Qd5 29. Be5 Rg6 30. Rb1 d6 31. Rb5 Rc1+ 32. Kg2 Qc6 33. Bxd6 Qc4 34. Qxc4 Rxc4 35. Rxa5 Rxd4 36. f3 Bd8 37. Ra7 h5 38. Bc5 Rd5 39. a5 e5 40. Ra8 Kd7 41. a6 Rd1 42. a7 Ra6 43. Rb8 Ra2+ 44. Bf2 Rda1 45. Nc5+ Ke7 46. Rb7+ Kf6 47. Ne4+ Ke6 48. Kh3 Rh1 49. Rb8 h4 50. a8Q Rxa8 51. Rxa8 hxg3 52. Bxg3 Rd1 53. Kg4 Rd3 54. Ra6+ Kf7 55. Rd6 Rxd6 56. Nxd6+ Ke6 57. Bxe5 Bc7 58. Bg3 Bxd6 59. Bxd6 Kxd6 1-0

[Event "Golden Cleopatra op 7th"]
[Site "Cairo"]
[Date "2003.06.04"]
[Round "4"]
[White "El Ghazali, Youssef M"]
[Black "Abdel Samee, Mohamed"]
[Result "0-1"]
[WhiteElo "2340"]
[BlackElo "2151"]
[PlyCount "112"]
[EventDate "2003.06.03"]
[EventType "swiss"]
[EventRounds "10"]
[EventCountry "EGY"]
[SourceTitle "CBM 094 Extra"]
[Source "ChessBase"]
[SourceDate "2003.07.09"]
[SourceVersion "2"]
[SourceVersionDate "2003.07.09"]
[SourceQuality "1"]

1. c4 d6 2. Nc3 g6 3. g3 Bg7 4. Bg2 e5 5. d3 c6 6. e4 Ne7 7. f4 0-0 8. Be3 Na6 9. Nge2 f5 10. 0-0 Be6 11. b3 Nc5 12. fxe5 fxe4 13. Rxf8+ Kxf8 14. exd6 Qxd6 15. dxe4 Nd3 16. Qd2 Bg4 17. Rf1+ Kg8 18. h3 Bxe2 19. Nxe2 Be5 20. Rd1 Rd8 21. Qc2 c5 22. Nc1 Bd4 23. Bxd4 Nxc1 24. e5 Qd7 25. Bd5+ Nxd5 26. Bxc5 Ne2+ 27. Kh2 Nec3 28. Rd3 b6 29. cxd5 Nxd5 30. Bd6 Qe6 31. Qd2 Ne7 32. Bxe7 Rxd3 33. Qxd3 Qxe7 34. Qd5+ Qf7 35. Qa8+ Kg7 36. Kg2 Qd7 37. Qe4 Qd2+ 38. Kf1 Qxa2 39. b4 Qd2 40. b5 Qd1+ 41. Qe1 Qxe1+ 42. Kxe1 Kf7 43. Ke2 Ke6 44. Kf3 Kxe5 45. Kg4 h6 46. h4 Ke4 47. Kh3 Kf3 48. Kh2 g5 49. hxg5 hxg5 50. Kh3 Kf2 51. Kg4 Kg2 52. Kxg5 Kxg3 53. Kf5 Kf3 54. Ke5 Ke3 55. Kd5 Kd3 56. Kc6 Kc4 0-1

[Event "Tanta op 5th"]
[Site "Tanta"]
[Date "2002.05.20"]
[Round "7"]
[White "Tahoun, Emad"]
[Black "Abdel Samee, Mohamed"]
[Result "1-0"]
[WhiteElo "2097"]
[BlackElo "2225"]
[PlyCount "97"]
[EventDate "2002.05.13"]
[EventType "swiss"]
[EventRounds "9"]
[EventCountry "EGY"]
[SourceTitle "CBM 088 Extra"]
[Source "ChessBase"]
[SourceDate "2002.07.01"]
[SourceVersion "2"]
[SourceVersionDate "2002.07.01"]
[SourceQuality "1"]

1. d4 g6 2. Nf3 Bg7 3. c4 Nf6 4. Nc3 d5 5. e3 0-0 6. Bd3 c5 7. h3 cxd4 8. exd4 dxc4 9. Bxc4 Qc7 10. Bb3 Nc6 11. 0-0 Rd8 12. Be3 a6 13. Rc1 Qa5 14. Qe2 Qh5 15. Rfe1 Na5 16. Bd1 Be6 17. b3 Nc6 18. Na4 Qb5 19. Qb2 Nd5 20. Rc5 Ncb4 21. Rxb5 axb5 22. Nc3 Nd3 23. Qd2 Nxe1 24. Nxe1 Nxc3 25. Qxc3 Rxa2 26. Bf3 Rc8 27. Qb4 Ra1 28. Kh2 Rb1 29. Bg4 f5 30. Be2 Bf6 31. Bxb5 Rxb3 32. Qa4 Rcc3 33. Nf3 Ra3 34. Qd1 Bd5 35. Ne5 Ra2 36. Be2 Bb3 37. Qe1 Rcc2 38. Bd1 Bd5 39. Bxc2 Rxc2 40. Qa5 Be4 41. Bh6 b6 42. Qb5 Bxe5+ 43. dxe5 Kf7 44. f3 Rc5 45. Qxb6 Rxe5 46. fxe4 Rxe4 47. Qb2 Re6 48. Qb3 Kf6 49. Bg7+ 1-0

[Event "Golden Cleopatra op 6th"]
[Site "Cairo"]
[Date "2002.04.14"]
[Round "8"]
[White "Farahat, Ali"]
[Black "Abdel Samee, Mohamed"]
[Result "1-0"]
[WhiteElo "2322"]
[BlackElo "2220"]
[PlyCount "63"]
[EventDate "2002.04.07"]
[EventType "swiss"]
[EventRounds "11"]
[EventCountry "EGY"]
[SourceTitle "CBM 087 Extra"]
[Source "ChessBase"]
[SourceDate "2002.05.03"]
[SourceVersion "2"]
[SourceVersionDate "2002.08.09"]
[SourceQuality "1"]

1. e4 d5 2. exd5 Nf6 3. d4 Nxd5 4. c4 Nb6 5. Nc3 g6 6. Be3 Bg7 7. Rc1 0-0 8. h3 Nc6 9. Nf3 e5 10. d5 Ne7 11. Be2 f5 12. Qb3 e4 13. Ng5 h6 14. Ne6 Bxe6 15. dxe6 c6 16. Rd1 Qc7 17. Bxb6 axb6 18. Rd7 Qf4 19. Rxe7 Bf6 20. Rf7 e3 21. Nd1 exf2+ 22. Nxf2 Be5 23. g3 Qc1+ 24. Nd1 Bd4 25. Qd3 c5 26. g4 Rad8 27. Rd7 Rde8 28. Qd2 Qxd2+ 29. Kxd2 f4 30. Bf3 Kh8 31. Re1 Rf6 32. e7 1-0

[Event "Golden Cleopatra op 6th"]
[Site "Cairo"]
[Date "2002.04.08"]
[Round "2"]
[White "Kopylov, Michael"]
[Black "Abdel Samee, Mohamed"]
[Result "1-0"]
[WhiteElo "2418"]
[BlackElo "2220"]
[PlyCount "173"]
[EventDate "2002.04.07"]
[EventType "swiss"]
[EventRounds "11"]
[EventCountry "EGY"]
[SourceTitle "CBM 087 Extra"]
[Source "ChessBase"]
[SourceDate "2002.05.03"]
[SourceVersion "2"]
[SourceVersionDate "2002.08.09"]
[SourceQuality "1"]

1. d4 Nf6 2. Nf3 d6 3. g3 Nbd7 4. Bg2 e5 5. c4 Be7 6. Nc3 c6 7. 0-0 0-0 8. Qc2 Qc7 9. Rd1 Re8 10. Rb1 a5 11. b3 Nf8 12. Bb2 Bg4 13. d5 cxd5 14. Nxd5 Nxd5 15. Rxd5 Bd7 16. Rbd1 a4 17. R5d2 axb3 18. axb3 Bc6 19. c5 Bxf3 20. Bxf3 dxc5 21. Qe4 Bf6 22. Qxb7 Qxb7 23. Bxb7 Rab8 24. Bc6 Rec8 25. Bd5 Ne6 26. e3 Rd8 27. Kg2 h6 28. Bc4 Kf8 29. Ba3 Rxd2 30. Rxd2 Ra8 31. Bb2 Ke7 32. h4 Rd8 33. Rxd8 Nxd8 34. Ba3 Kd6 35. Kf3 Be7 36. h5 Ne6 37. Ke4 g6 38. hxg6 fxg6 39. Bb5 Nc7 40. Bd3 Nd5 41. Kf3 g5 42. Kg4 Nc3 43. Bc2 Ke6 44. Kh5 Bf8 45. Kg6 Nb5 46. Bf5+ Kd5 47. Bb2 Nd6 48. g4 Ne4 49. Kf7 Bd6 50. f3 Nd2 51. Be6+ Kc6 52. Kg7 Nxf3 53. Kxh6 Be7 54. Kg6 Kd6 55. Bc4 Nh4+ 56. Kf7 Ng2 57. Bc1 Bd8 58. Bd2 Nh4 59. Bc3 Nf3 60. Kg6 Nh4+ 61. Kf7 Nf3 62. Ke8 Bc7 63. Ba6 Bb6 64. Bb7 Nh2 65. Bc8 c4 66. Kf7 Nf3 67. Kf6 Bd8+ 68. Kf5 Nh4+ 69. Ke4 cxb3 70. Bb7 Bf6 71. Bd5 Kd7 72. Bxb3 Kd6 73. Bb4+ Kd7 74. Kd5 Ng2 75. Ba4+ Kd8 76. Bc5 Kc7 77. Ke6 Bg7 78. Bb5 Bf8 79. Bxf8 Nxe3 80. Bd6+ Kc8 81. Bxe5 Nxg4 82. Bd4 Kb7 83. Bg1 Nh6 84. Bd7 Ng4 85. Kf5 Kc7 86. Be6 Kd6 87. Bb3 1-0

[Event "Cairo op"]
[Site "Cairo"]
[Date "1998.??.??"]
[Round "6"]
[White "Abdel Aziem, Ramadan"]
[Black "Abdel Samee, Mohamed"]
[Result "0-1"]
[WhiteElo "2155"]
[BlackElo "2185"]
[PlyCount "87"]
[EventDate "1998.??.??"]
[EventType "swiss"]
[EventRounds "10"]
[EventCountry "EGY"]
[SourceTitle "EXT 1999"]
[Source "ChessBase"]
[SourceDate "1998.11.16"]
[SourceVersion "1"]
[SourceVersionDate "1998.11.16"]
[SourceQuality "1"]

1. e4 d6 2. d4 c6 3. Nf3 Nf6 4. Bd3 e5 5. dxe5 dxe5 6. Nc3 Qc7 7. Bg5 Be7 8. Qe2 Be6 9. Bc4 Bxc4 10. Qxc4 Nbd7 11. a4 0-0 12. 0-0 a5 13. Rad1 Nc5 14. Bxf6 gxf6 15. Nh4 Rfd8 16. Nf5 Bf8 17. Qe2 Ne6 18. Qh5 Qb6 19. Qh4 Qxb2 20. Rxd8 Rxd8 21. Nd1 Qb4 22. Nde3 Ng5 23. c4 Qxa4 24. h3 c5 25. Nd5 Bg7 26. f4 exf4 27. Nxg7 Kxg7 28. Qxf4 Qc6 29. h4 Qd6 30. Qe3 Ne6 31. Rxf6 Qe5 32. Qh6+ Kg8 33. Rf5 Qg7 34. Nf6+ Kh8 35. Qe3 Nd4 36. Rf2 a4 37. e5 Ne6 38. Rf3 Qg6 39. Kh2 Rd4 40. Qe1 Rxc4 41. h5 Qg5 42. Rg3 Qh4+ 43. Kg1 Ng5 44. Qb1 0-1